000 00306nam a22001337a 4500
008 181017b xxu||||| |||| 00| 0 eng d
020 _a9781561483761
041 _aeng
080 _a341
100 _a16
101 _aJUR
245 _aThe Title Bookk Restorative Justice
_cZehr.H
942 _2udc
_cBK
999 _c50052
_d50052